| 000 | 01193cam a2200337 i 4500 | ||
|---|---|---|---|
| 005 | 20250804171304.0 | ||
| 008 | 161014m20179999enka 001 0 eng c | ||
| 020 | _a0194423352 | ||
| 040 |
_aKABLIB _beng _cKABLIB _erda |
||
| 082 | 0 | 0 |
_a612 _223 _bROM |
| 100 | 1 |
_aRomanes, G. J. _eauthor. _914608 |
|
| 245 | 1 | 0 |
_aCunningham's manual of practical anatomy vol. I : / _bupper and lower limbs _cG. J. Romanes |
| 246 | 1 | _aManual of practical anatomy | |
| 250 | _a14th ed. | ||
| 260 |
_aOxford, United Kingdom : _bOxford University Press, _cc1976. |
||
| 300 |
_a218 p. : _bill. (some color) ; _c27 cm |
||
| 500 | _aIncludes index. | ||
| 650 | 0 | _aHuman anatomy. | |
| 650 | 0 | _aExtremities (Anatomy) | |
| 650 | 0 |
_aAbdomen _xAnatomy. _914609 |
|
| 650 | 0 |
_aChest _xAnatomy. _914610 |
|
| 650 | 0 | _aDissection. | |
| 650 | 1 | 2 | _aAnatomy. |
| 650 | 1 | 2 |
_aDissection _xmethods. _914611 |
| 650 | 7 |
_aAbdomen _xAnatomy. _2fast _0(OCoLC)fst00794281 _914609 |
|
| 650 | 7 |
_aChest _xAnatomy. _2fast _0(OCoLC)fst00853829 _914610 |
|
| 650 | 7 |
_aDissection. _2fast _0(OCoLC)fst00895395 |
|
| 650 | 7 |
_aExtremities (Anatomy) _2fast _0(OCoLC)fst00919071 |
|
| 650 | 7 |
_aHuman anatomy. _2fast _0(OCoLC)fst00962785 |
|
| 942 |
_2ddc _cBOOK |
||
| 999 |
_c5773 _d5773 |
||